00278nam a2200097 a 450000500170000000800410001705000170005824500360007526000370011144000320014820140414131917.0101020s19uu xx 00 eng d aERbJ49 1998 aJessica and the sleepy flowers. aTotowa, NJ :bGrandreams,c1998. aAn inspirational board book